[Event "Plancoet 2015"]
[Site "?"]
[Date "2015.07.28"]
[Round "3.8"]
[White "Ferret-Leger, Gaspard"]
[Black "Gavrilov, Alexei"]
[Result "0-1"]
[WhiteElo "1795"]
[BlackElo "2411"]
[PlyCount "40"]

1. c4 e5 2. Nc3 Nf6 3. Nf3 Nc6 4. e4 Bb4 5. d3 d6 6. g3 O-O 7. Bg2 Bg4 8. O-O
Bc5 9. a3 a6 10. b4 Ba7 11. Bd2 Nd4 12. a4 c6 13. h3 Nxf3+ 14. Bxf3 Bxh3 15.
Re1 Qd7 16. Be3 Bxe3 17. Rxe3 Ng4 18. Re1 f5 19. d4 f4 20. dxe5 Nxe5 0-1

[Event "Plancoet 2015"]
[Site "?"]
[Date "2015.07.28"]
[Round "3.10"]
[White "Le Borgne, Romain"]
[Black "Bedouin, Xavier"]
[Result "0-1"]
[WhiteElo "1742"]
[BlackElo "2337"]
[PlyCount "52"]

1. e4 c5 2. Nf3 g6 3. d4 cxd4 4. Nxd4 Nc6 5. Be3 Nf6 6. Nc3 Bg7 7. Bc4 O-O 8.
Bb3 a5 9. a3 Ng4 10. Ne6 Nxe3 11. Nxd8 Nxd1 12. Nxc6 Nxc3 13. Nxe7+ Kh8 14.
bxc3 Bxc3+ 15. Ke2 Bxa1 16. Rxa1 d6 17. Nxc8 Raxc8 18. Rd1 b5 19. a4 bxa4 20.
Bxa4 Rc4 21. Ra1 Rxe4+ 22. Kf3 Re5 23. c4 Rc8 24. Bb3 d5 25. Rxa5 Rf5+ 26. Kg3
dxc4 0-1

[Event "Plancoet 2015"]
[Site "?"]
[Date "2015.07.28"]
[Round "3.12"]
[White "Feller, Sebastien"]
[Black "Guezennec, Franck"]
[Result "1-0"]
[WhiteElo "2622"]
[BlackElo "2228"]
[PlyCount "85"]

1. d4 d6 2. Nf3 Bg4 3. c4 Nd7 4. g3 Bxf3 5. exf3 c5 6. Bg2 g6 7. f4 Bg7 8. dxc5
Qa5+ 9. Bd2 Qxc5 10. Qb3 Ngf6 11. O-O O-O 12. Be3 Qh5 13. h3 Nc5 14. Qa3 Nfd7
15. Nd2 Qf5 16. Rab1 a5 17. Nf3 a4 18. Bd4 Bxd4 19. Nxd4 Qf6 20. Nb5 Rac8 21.
Nc3 Nb6 22. Qb4 Ncd7 23. b3 axb3 24. axb3 Rb8 25. Rfe1 Rfe8 26. Nb5 Rec8 27.
Re3 Nc5 28. Nc3 d5 29. Nxd5 Nxd5 30. Bxd5 Qf5 31. Rf1 e6 32. Bg2 b5 33. Re5
bxc4 34. Qa5 Nxb3 35. Rxf5 Nxa5 36. Rxa5 c3 37. Rc1 c2 38. Raa1 f5 39. Kf1 Rb2
40. Ke1 Kg7 41. Bf1 Rd8 42. Bc4 Rd4 43. Ra2 1-0

[Event "Plancoet 2015"]
[Site "?"]
[Date "2015.07.28"]
[Round "4.1"]
[White "Filip, Lucian"]
[Black "Bailet, Pierre"]
[Result "1-0"]
[WhiteElo "2419"]
[BlackElo "2503"]
[PlyCount "25"]

1. Nf3 Nf6 2. c4 e6 3. g3 d5 4. d4 Bb4+ 5. Bd2 Be7 6. Bg2 O-O 7. O-O c6 8. Qc2
b6 9. Bf4 Bb7 10. Ne5 Nbd7 11. cxd5 Nxe5 12. d6 Bxd6 13. dxe5 1-0

[Event "Plancoet 2015"]
[Site "?"]
[Date "2015.07.28"]
[Round "4.2"]
[White "Guliyev, Namig"]
[Black "Karpatchev, Aleksandr"]
[Result "1-0"]
[WhiteElo "2552"]
[BlackElo "2473"]
[PlyCount "76"]

1. e4 e5 2. Nf3 Nc6 3. Bb5 a6 4. Ba4 Nf6 5. O-O Be7 6. Re1 b5 7. Bb3 d6 8. c3
O-O 9. d4 Bg4 10. Be3 Bh5 11. Nbd2 d5 12. exd5 exd4 13. dxc6 dxe3 14. Rxe3 Bc5
15. Re1 Qd6 16. Ne4 Qxc6 17. Nxf6+ Qxf6 18. Qd5 Bxf3 19. Qxc5 Qg6 20. g3 Qg4
21. Re3 Rae8 22. h3 Qh5 23. Qxh5 Bxh5 24. Rae1 Rxe3 25. Rxe3 Bg6 26. Re5 Rc8
27. f4 Bd3 28. Bd5 Kf8 29. Bb7 Rb8 30. Bxa6 Rb6 31. Bc8 Rb8 32. Bd7 f6 33. Rc5
Ke7 34. Rxc7 Kd6 35. Rc8 Rb7 36. Bg4 Bb1 37. a3 Re7 38. Kf2 Ba2 1-0

[Event "Plancoet 2015"]
[Site "?"]
[Date "2015.07.28"]
[Round "4.3"]
[White "Cheikh-Boukal, Ziyad"]
[Black "Feller, Sebastien"]
[Result "0-1"]
[WhiteElo "1740"]
[BlackElo "2622"]
[PlyCount "64"]

1. e4 c5 2. Nc3 a6 3. g3 b5 4. Bg2 Bb7 5. d3 e6 6. Nf3 d6 7. O-O Be7 8. Ne1 Nc6
9. f4 Nf6 10. Be3 O-O 11. Nf3 d5 12. exd5 exd5 13. d4 Qb6 14. Kh1 Rad8 15. dxc5
Bxc5 16. Bxc5 Qxc5 17. Nd2 Qb6 18. Nb3 d4 19. Ne2 Ng4 20. Qd2 Ne3 21. Bf3 Nxf1
22. Rxf1 d3 23. cxd3 Ne7 24. Bxb7 Qxb7+ 25. Kg1 Rfe8 26. d4 Nf5 27. Nc3 b4 28.
Nd1 Qb6 29. Kh1 a5 30. d5 Qb5 31. Re1 Rxe1+ 32. Qxe1 Qxd5+ 0-1

[Event "Plancoet 2015"]
[Site "?"]
[Date "2015.07.28"]
[Round "4.4"]
[White "Maiorov, Nikita"]
[Black "Milchev, Nikolai"]
[Result "0-1"]
[WhiteElo "2573"]
[BlackElo "2376"]
[PlyCount "98"]

1. d4 g6 2. g3 Bg7 3. Bg2 c5 4. d5 d6 5. Nf3 b5 6. O-O Nf6 7. c4 bxc4 8. Nfd2
O-O 9. Nxc4 Ba6 10. Nba3 Nbd7 11. Qc2 Nb6 12. Rd1 Nxc4 13. Nxc4 Bxc4 14. Qxc4
Qb6 15. Rb1 Rfb8 16. Bd2 a5 17. b3 h5 18. e3 Qa6 19. Qc2 a4 20. b4 cxb4 21.
Bxb4 Rc8 22. Qd2 Rc7 23. Rdc1 Rac8 24. Rc6 Rxc6 25. dxc6 Rxc6 26. Bxc6 Qxc6 27.
Rc1 Qb7 28. Ba3 Kh7 29. Rc4 Ng4 30. e4 Ne5 31. Rb4 Qc6 32. Kg2 f5 33. f3 Bh6
34. Qe2 Qc3 35. Rxa4 fxe4 36. f4 Ng4 37. Bb2 Ne3+ 38. Kh1 Qc6 39. Ra6 Qc5 40.
Ra8 Bg7 41. Rb8 d5 42. Rb5 Qc6 43. Rb3 Nf5 44. Qb5 Qc2 45. Bxg7 Qd1+ 46. Kg2
Kxg7 47. Rb1 Ne3+ 48. Kf2 Ng4+ 49. Kg2 Qf3+ 0-1

[Event "Plancoet 2015"]
[Site "?"]
[Date "2015.07.28"]
[Round "4.5"]
[White "Kasparov, Sergey"]
[Black "Lazarev, Vladimir"]
[Result "1-0"]
[WhiteElo "2497"]
[BlackElo "2371"]
[PlyCount "115"]

1. e4 c5 2. Nf3 Nc6 3. Bb5 g6 4. Bxc6 dxc6 5. d3 Bg7 6. h3 Nf6 7. Nc3 Nd7 8.
Be3 e5 9. Qd2 h6 10. Ng1 Qe7 11. Nge2 b6 12. O-O Nf8 13. f4 exf4 14. Bxf4 Ne6
15. Bh2 f6 16. Rae1 O-O 17. b3 Kh7 18. Nd1 a5 19. Ne3 Ba6 20. a4 Qd8 21. Kh1
Ra7 22. Nf4 Nxf4 23. Rxf4 Raf7 24. Ref1 Bc8 25. R4f3 Be6 26. Nc4 Kg8 27. Qe1
Kh7 28. Bf4 Rd7 29. Bd2 Re8 30. Qh4 Rf8 31. Bc3 Bxc4 32. bxc4 Rdf7 33. g4 Qe7
34. Kg2 Qe6 35. Qg3 Kg8 36. h4 Bh8 37. Qh3 Kh7 38. Kh2 Qd6+ 39. Kh1 Qe6 40. Kg2
Kg8 41. h5 g5 42. Rb1 Qc8 43. Rf5 Rb7 44. Qf3 Rff7 45. Kh3 Qe6 46. Rf1 b5 47.
axb5 cxb5 48. cxb5 Rxb5 49. Ra1 Qa6 50. e5 c4 51. e6 Rf8 52. Rxb5 Qxb5 53. Rxa5
Qb6 54. e7 Rb8 55. Qd5+ Kg7 56. Qe4 Kf7 57. Ra1 cxd3 58. Re1 1-0

[Event "Plancoet 2015"]
[Site "?"]
[Date "2015.07.28"]
[Round "4.6"]
[White "Dumitrache, Dragos"]
[Black "Sochacki, Wojtek"]
[Result "1/2-1/2"]
[WhiteElo "2423"]
[BlackElo "2302"]
[PlyCount "54"]

1. d4 d5 2. c4 c6 3. Nf3 Nf6 4. e3 e6 5. Bd3 Nbd7 6. O-O Bd6 7. Nc3 dxc4 8.
Bxc4 O-O 9. e4 e5 10. Be3 Qe7 11. Qc2 exd4 12. Bxd4 Ne5 13. Nxe5 Bxe5 14. Bxe5
Qxe5 15. h3 Qg5 16. Kh1 Qh4 17. f4 b5 18. Bb3 Nh5 19. Qf2 Qxf2 20. Rxf2 b4 21.
Na4 Ng3+ 22. Kh2 Nxe4 23. Rc2 Bd7 24. Rc4 Nd2 25. Rxb4 Nxb3 26. Rxb3 Be6 27.
Rb7 Rfb8 1/2-1/2

[Event "Plancoet 2015"]
[Site "?"]
[Date "2015.07.28"]
[Round "4.8"]
[White "Bedouin, Xavier"]
[Black "Ochsner, Bjorn Moller"]
[Result "0-1"]
[WhiteElo "2337"]
[BlackElo "2396"]
[PlyCount "64"]

1. e4 c5 2. c3 Nf6 3. e5 Nd5 4. d4 cxd4 5. cxd4 d6 6. Nf3 e6 7. Bc4 Nc6 8. O-O
Be7 9. Qe2 O-O 10. Nc3 Nxc3 11. bxc3 dxe5 12. dxe5 Qa5 13. Bd2 Rd8 14. Rfe1 b6
15. Bb3 Bb7 16. Qe4 Rd7 17. Bc2 g6 18. Qf4 Rad8 19. h4 Rxd2 20. Nxd2 Qxc3 21.
Ne4 Qxc2 22. Rac1 Qd3 23. Red1 Qxd1+ 24. Rxd1 Rxd1+ 25. Kh2 Rd4 26. Qe3 Rd5 27.
f4 Nxe5 28. fxe5 Rxe5 29. Qc3 Rxe4 30. Qc7 Bf8 31. Qxb7 Rxh4+ 32. Kg3 Ra4 0-1

[Event "Plancoet 2015"]
[Site "?"]
[Date "2015.07.28"]
[Round "4.9"]
[White "Ralle, Pierre"]
[Black "Nevednichy, Vladislav"]
[Result "0-1"]
[WhiteElo "2051"]
[BlackElo "2558"]
[PlyCount "210"]

1. d4 Nf6 2. c4 g6 3. Nc3 Bg7 4. e4 d6 5. f3 O-O 6. Be3 c6 7. Qd2 a6 8. Nge2 b5
9. Ng3 Nbd7 10. Rd1 bxc4 11. Bxc4 d5 12. Bb3 dxe4 13. Ngxe4 e6 14. O-O Nd5 15.
Bh6 a5 16. Bxg7 Kxg7 17. Rfe1 Ba6 18. Na4 Bb5 19. Nac5 a4 20. Bxd5 cxd5 21.
Nxd7 Bxd7 22. Nc5 Ra7 23. Rc1 Qb6 24. Kh1 Rb8 25. Rc2 Bb5 26. h3 Qd6 27. Qe3
Bc4 28. b3 axb3 29. axb3 Bb5 30. Qe5+ Qxe5 31. Rxe5 Ra1+ 32. Kh2 Rd1 33. Nxe6+
fxe6 34. Rxe6 Rb7 35. Rd6 Rxd4 36. Rc5 Be8 37. Rcxd5 Rxd5 38. Rxd5 Rxb3 39. Kg3
Rb2 40. Ra5 Bf7 41. Ra7 g5 42. Ra4 Be8 43. Rg4 h6 44. h4 Bd7 45. Rd4 gxh4+ 46.
Kxh4 Bb5 47. g4 Bc6 48. Rf4 Kg6 49. Kg3 Rb3 50. Rf8 Bd5 51. Rf5 Rd3 52. Rf8 Kg7
53. Rf5 Be6 54. Rf4 Rc3 55. Kf2 Rc5 56. Kg3 h5 57. gxh5 Rg5+ 58. Kf2 Rxh5 59.
Ke3 Rh2 60. Re4 Kf6 61. Rf4+ Bf5 62. Rb4 Bg6 63. Rf4+ Ke5 64. Ra4 Bf7 65. Ra5+
Kd6 66. Kf4 Rg2 67. Ra1 Kc5 68. Rc1+ Kd4 69. Rd1+ Kc3 70. Ke3 Bg6 71. Rc1+ Bc2
72. Ra1 Rh2 73. Ra3+ Bb3 74. Ra8 Bc4 75. Ra3+ Kc2 76. Ra4 Re2+ 77. Kf4 Kd3 78.
Ra3+ Kd2 79. Ra7 Re8 80. Ra5 Be6 81. Re5 Rf8+ 82. Kg3 Bc8 83. Re7 Rh8 84. Kg2
Rh6 85. Re8 Bd7 86. Re5 Bc6 87. Kf2 Kd3 88. Re3+ Kd4 89. Rb3 Rh2+ 90. Kg3 Ra2
91. Rb4+ Ke3 92. Rb3+ Ke2 93. Rc3 Bd5 94. Kg2 Ra8 95. Rc2+ Ke3 96. Rc3+ Kf4 97.
Kf2 Ra2+ 98. Ke1 Bxf3 99. Rc7 Re2+ 100. Kf1 Rd2 101. Rf7+ Ke3 102. Re7+ Be4
103. Kg1 Rg2+ 104. Kf1 Rg8 105. Re6 Rh8 0-1

[Event "Plancoet 2015"]
[Site "?"]
[Date "2015.07.28"]
[Round "4.10"]
[White "Schmit, Vincent"]
[Black "Okhotnik, Vladimir"]
[Result "1/2-1/2"]
[WhiteElo "2021"]
[BlackElo "2452"]
[PlyCount "153"]

1. e4 g6 2. d4 Bg7 3. Nc3 c6 4. Nf3 d5 5. h3 Nf6 6. Bd3 dxe4 7. Nxe4 O-O 8. O-O
Nbd7 9. Re1 Qc7 10. Qe2 Nd5 11. g3 e5 12. dxe5 Nxe5 13. Nxe5 Qxe5 14. Kh2 b5
15. c4 bxc4 16. Bxc4 h6 17. Nc3 Qf5 18. g4 Qd7 19. Nxd5 cxd5 20. Bb3 Qd6+ 21.
Kg1 d4 22. Qe4 Bd7 23. Bf4 Qb6 24. Bxf7+ Kxf7 25. Qe7+ Kg8 26. Qxd7 Rad8 27.
Qc7 Qxb2 28. Bg3 d3 29. Rab1 d2 30. Red1 Qxa2 31. Rb7 Qf7 32. Rxa7 Rc8 33.
Qxf7+ Rxf7 34. Ra2 Bc3 35. Rc2 Rff8 36. Bd6 Rfe8 37. Kg2 Ba5 38. Rxc8 Rxc8 39.
Bf4 g5 40. Be3 Rc2 41. Kf1 Ra2 42. Ke2 Ra3 43. Bxd2 Bxd2 44. Rxd2 Rxh3 45. Rd7
Rh1 46. Kf3 Re1 47. Kg3 Re6 48. f4 Re3+ 49. Kf2 gxf4 50. Rd4 Kg7 51. Rxf4 Ra3
52. Rf3 Ra5 53. Kg2 Kg6 54. Rf5 Ra3 55. Rb5 Rd3 56. Ra5 Re3 57. Rb5 Re7 58. Ra5
Kf6 59. Ra6+ Kg5 60. Ra5+ Kxg4 61. Ra4+ Kf5 62. Kh1 Re3 63. Kg1 h5 64. Kh1 Rg3
65. Kh2 Rb3 66. Kg2 Re3 67. Kf2 Re8 68. Kg2 Rg8+ 69. Kh1 Kg5 70. Ra1 Kh4 71.
Ra4+ Kg3 72. Ra3+ Kf2 73. Ra2+ Kf3 74. Ra3+ Ke4 75. Ra4+ Kf5 76. Ra5+ Kg4 77.
Ra4+ 1/2-1/2

[Event "Plancoet 2015"]
[Site "?"]
[Date "2015.07.29"]
[Round "5.1"]
[White "Feller, Sebastien"]
[Black "Filip, Lucian"]
[Result "1-0"]
[WhiteElo "2622"]
[BlackElo "2419"]
[PlyCount "57"]

1. d4 Nf6 2. c4 e6 3. Nf3 b6 4. g3 Bb7 5. Bg2 Be7 6. O-O O-O 7. Re1 Qc8 8. Nc3
Ne4 9. Bf4 Nxc3 10. bxc3 Be4 11. Bf1 Bxf3 12. exf3 Nc6 13. Bd3 Na5 14. Qc2 g6
15. h4 Bf6 16. h5 Bg7 17. Kg2 d6 18. hxg6 hxg6 19. Qd2 f5 20. Bh6 Rf7 21. Qg5
Bxh6 22. Qxg6+ Bg7 23. Rxe6 Nc6 24. Rae1 Qd8 25. Bxf5 Ne7 26. Rxe7 Rxe7 27.
Be6+ Rxe6 28. Qxe6+ Kf8 29. Re4 1-0

[Event "Plancoet 2015"]
[Site "?"]
[Date "2015.07.29"]
[Round "5.2"]
[White "Milchev, Nikolay"]
[Black "Guliyev, Namig"]
[Result "1/2-1/2"]
[WhiteElo "2376"]
[BlackElo "2552"]
[PlyCount "37"]

1. Nf3 d5 2. c4 c6 3. Qb3 Nf6 4. d4 e6 5. Nc3 Nbd7 6. g3 b6 7. Bg2 Ba6 8. cxd5
cxd5 9. O-O Be7 10. Qa4 Bb7 11. Ne5 O-O 12. Nc6 Bxc6 13. Qxc6 Qc8 14. Qxc8
Raxc8 15. Bd2 Bb4 16. Rfc1 Rfd8 17. a3 Bxc3 18. Bxc3 Ne4 19. Be1 1/2-1/2

[Event "Plancoet 2015"]
[Site "?"]
[Date "2015.07.29"]
[Round "5.3"]
[White "Ochsner, Bjorn Moller"]
[Black "Kasparov, Sergey"]
[Result "1/2-1/2"]
[WhiteElo "2396"]
[BlackElo "2497"]
[PlyCount "49"]

1. e4 d5 2. exd5 Qxd5 3. Nc3 Qd6 4. d4 Nf6 5. Nf3 c6 6. Ne5 Nbd7 7. Nc4 Qc7 8.
Qf3 Nb6 9. Bf4 Qd7 10. Nxb6 axb6 11. O-O-O e6 12. Be5 Nd5 13. Bc4 f6 14. Bg3
Bb4 15. Nxd5 exd5 16. Bb3 Qf5 17. Qe3+ Kf7 18. c3 Re8 19. Qd2 Bf8 20. Rde1 Bd7
21. Bc2 Qh5 22. Qf4 Qg5 23. Qxg5 fxg5 24. Rxe8 Rxe8 25. Kd2 1/2-1/2

[Event "Plancoet 2015"]
[Site "?"]
[Date "2015.07.29"]
[Round "5.5"]
[White "Bailet, Pierre"]
[Black "Le Ruyet, Leopold"]
[Result "1-0"]
[WhiteElo "2503"]
[BlackElo "2238"]
[PlyCount "57"]

1. Nf3 f5 2. d3 d5 3. g3 Nf6 4. Bg2 e6 5. O-O Bd6 6. Nc3 O-O 7. e4 Bb4 8. e5
Nfd7 9. d4 Bxc3 10. bxc3 c5 11. c4 dxc4 12. d5 Nb6 13. d6 Bd7 14. Be3 Qc8 15.
Qe2 Bb5 16. Rfb1 a6 17. Ng5 Na4 18. Qd2 c3 19. Qd1 Nb2 20. Qe1 h6 21. Nh3 Na4
22. Nf4 Nc6 23. Rd1 Nb4 24. Rac1 Re8 25. a3 Nb2 26. axb4 Nxd1 27. Qxd1 cxb4 28.
g4 fxg4 29. Qxg4 1-0

[Event "Plancoet 2015"]
[Site "?"]
[Date "2015.07.29"]
[Round "5.6"]
[White "Karpatchev, Aleksandr"]
[Black "Mouhamad, Joachim"]
[Result "1-0"]
[WhiteElo "2473"]
[BlackElo "2207"]
[PlyCount "69"]

1. e4 c5 2. c3 Nf6 3. e5 Nd5 4. d4 cxd4 5. cxd4 Nc6 6. Nc3 Nxc3 7. bxc3 d6 8.
f4 dxe5 9. fxe5 Qa5 10. Bd2 Qd5 11. Nf3 Bf5 12. Qb3 e6 13. Be2 Be7 14. O-O O-O
15. Ng5 Qd7 16. Rad1 Na5 17. Qb2 Rac8 18. g4 Bg6 19. h4 Bxg5 20. Bxg5 Be4 21.
Bd3 Bxd3 22. Rxd3 Nc4 23. Qe2 Nb6 24. Rdf3 Nd5 25. Bd2 Qa4 26. h5 Qxa2 27. Qf2
Rc7 28. g5 Qc2 29. c4 Nb6 30. g6 hxg6 31. hxg6 Qxg6+ 32. Rg3 Qh7 33. Bg5 Rxc4
34. Bf6 g6 35. Qf3 1-0

[Event "Plancoet 2015"]
[Site "?"]
[Date "2015.07.29"]
[Round "5.7"]
[White "Terrieux, Kevin"]
[Black "Civit, Pierre"]
[Result "1-0"]
[WhiteElo "2435"]
[BlackElo "2123"]
[PlyCount "73"]

1. e4 e6 2. d4 d5 3. Nc3 Bb4 4. a3 Bxc3+ 5. bxc3 dxe4 6. Qg4 Nf6 7. Qxg7 Rg8 8.
Qh6 Nbd7 9. Ne2 b6 10. Ng3 Bb7 11. Be2 Qe7 12. O-O O-O-O 13. a4 Ng4 14. Qh3 f5
15. a5 h5 16. axb6 axb6 17. c4 h4 18. Nh5 e5 19. f3 Ngf6 20. Nxf6 Qxf6 21. fxe4
Bxe4 22. Bf3 Bxf3 23. Qxf3 e4 24. Qe2 Kb7 25. Be3 Ra8 26. c5 Rxa1 27. Rxa1 Ra8
28. Rf1 Ra5 29. cxb6 Nxb6 30. c4 Qc6 31. Rb1 Ka8 32. c5 Na4 33. Qc4 Qe8 34. d5
f4 35. d6 fxe3 36. d7 Qxd7 37. Qg8+ 1-0

[Event "Plancoet 2015"]
[Site "?"]
[Date "2015.07.29"]
[Round "5.8"]
[White "Safranska, Anda"]
[Black "Dumitrache, Dragos"]
[Result "1/2-1/2"]
[WhiteElo "2127"]
[BlackElo "2423"]
[PlyCount "66"]

1. e4 c5 2. d3 Nc6 3. f4 g6 4. Nf3 Bg7 5. c3 d6 6. Be2 Nf6 7. O-O O-O 8. Na3
Bg4 9. h3 Bxf3 10. Bxf3 Nd7 11. Be3 Rb8 12. Qd2 b5 13. d4 b4 14. Nc4 Na5 15.
Nxa5 Qxa5 16. Rfc1 bxc3 17. bxc3 cxd4 18. Bxd4 Bxd4+ 19. Qxd4 Nc5 20. e5 Ne6
21. Qe3 dxe5 22. Qxe5 Qxe5 23. fxe5 Rb5 24. Rd1 Rxe5 25. Rd7 Ng5 26. Rxa7 Nxf3+
27. gxf3 Rb8 28. a4 Rb2 29. a5 Rg5+ 30. Kf1 Rg3 31. Rxe7 Rxh3 32. Kg1 Rg3+ 33.
Kh1 Rh3+ 1/2-1/2

[Event "Plancoet 2015"]
[Site "?"]
[Date "2015.07.29"]
[Round "5.9"]
[White "Entem, Alan"]
[Black "Bulmaga, Irina"]
[Result "0-1"]
[WhiteElo "2172"]
[BlackElo "2393"]
[PlyCount "74"]

1. e4 c5 2. Nf3 d6 3. d4 cxd4 4. Nxd4 Nf6 5. Nc3 a6 6. Be3 e6 7. f3 b5 8. Qd2
Bb7 9. O-O-O Nbd7 10. g4 Nb6 11. Qf2 Nfd7 12. Bd3 Rc8 13. Nce2 Nc5 14. Kb1 Qc7
15. Rc1 Be7 16. g5 Nba4 17. h4 d5 18. e5 g6 19. f4 b4 20. h5 Rg8 21. hxg6 hxg6
22. Rh7 Rf8 23. Qh2 Qa5 24. Nb3 Nxb3 25. cxb3 Rxc1+ 26. Nxc1 Nc5 27. Rxf7 Kxf7
28. Bxg6+ Kxg6 29. Qh6+ Kf5 30. Qh7+ Kg4 31. Qxe7 d4 32. g6 Qd8 33. Qxc5 dxe3
34. f5 Be4+ 35. Ka1 Qc8 36. Qxe3 Qc2 37. Qg1+ Kxf5 0-1

[Event "Plancoet 2015"]
[Site "?"]
[Date "2015.07.29"]
[Round "5.10"]
[White "Durand-Le Ludec, Brendan"]
[Black "Song, Julien"]
[Result "1-0"]
[WhiteElo "2122"]
[BlackElo "2376"]
[PlyCount "107"]

1. e4 c5 2. Nf3 e6 3. d4 cxd4 4. Nxd4 Nc6 5. Nb5 d6 6. c4 a6 7. N5c3 Nf6 8. Be2
b6 9. Be3 Bb7 10. O-O Be7 11. Nd2 O-O 12. Rc1 Nd7 13. a3 Rc8 14. b4 Bf6 15. Nb3
Qe7 16. Na4 Nce5 17. f3 d5 18. Nxb6 Nxb6 19. Bxb6 Nd7 20. Bf2 dxe4 21. Na5 Ba8
22. c5 Ne5 23. fxe4 Bxe4 24. Bxa6 Ra8 25. Qe2 Bd5 26. Bg3 Ng6 27. Bd6 Bd4+ 28.
Kh1 Qg5 29. Bc4 Rfe8 30. Rcd1 Nh4 31. Bxd5 Qxd5 32. Qg4 Nf5 33. Rfe1 h5 34. Qe4
Qxe4 35. Rxe4 e5 36. g3 Ne3 37. Rd3 Ng4 38. Kg2 f5 39. Re2 g5 40. Nc6 f4 41.
Nxd4 exd4 42. Rxe8+ Rxe8 43. gxf4 Ne3+ 44. Kg1 g4 45. Be5 Nf5 46. c6 Kf7 47. b5
Ke6 48. b6 Kd5 49. b7 Nd6 50. Rxd4+ Kxc6 51. Rxd6+ Kxb7 52. Rh6 Ra8 53. Rxh5
Rxa3 54. Rg5 1-0

[Event "Plancoet 2015"]
[Site "?"]
[Date "2015.07.29"]
[Round "5.11"]
[White "Sochacki, Wojtek"]
[Black "Bellaiche, Elise"]
[Result "1/2-1/2"]
[WhiteElo "2302"]
[BlackElo "2116"]
[PlyCount "56"]

1. e4 c5 2. Nf3 e6 3. g3 Nc6 4. Bg2 d5 5. exd5 exd5 6. d4 Bg4 7. O-O Nxd4 8.
Qe1+ Be6 9. Nxd4 cxd4 10. f4 Be7 11. f5 Bc8 12. Qe5 Nf6 13. Re1 h6 14. b3 Kf8
15. Qxd4 Qb6 16. Qxb6 axb6 17. Be3 Bxf5 18. Bxb6 Bxc2 19. Nc3 Bb4 20. Re3 Bxb3
21. Rb1 Bxc3 22. Rxb3 d4 23. Rd3 Rxa2 24. Bxd4 Bxd4+ 25. Rxd4 Kg8 26. Rxb7 Kh7
27. Bf1 Re8 28. Rxf7 Re1 1/2-1/2

[Event "Plancoet 2015"]
[Site "?"]
[Date "2015.07.30"]
[Round "6.1"]
[White "Bailet, Pierre"]
[Black "Feller, Sebastien"]
[Result "1/2-1/2"]
[WhiteElo "2503"]
[BlackElo "2622"]
[PlyCount "29"]

1. Nf3 Nf6 2. c4 g6 3. Nc3 Bg7 4. e4 O-O 5. d4 d6 6. Be2 e5 7. Be3 h6 8. dxe5
Ng4 9. Bf4 Nxe5 10. Qd2 Kh7 11. O-O Nbc6 12. Be3 Ng4 13. Bf4 Nge5 14. Be3 Ng4
15. Bf4 1/2-1/2

[Event "Plancoet 2015"]
[Site "?"]
[Date "2015.07.30"]
[Round "6.2"]
[White "Guliyev, Namig"]
[Black "Bouget, Alexandre"]
[Result "1-0"]
[WhiteElo "2552"]
[BlackElo "2256"]
[PlyCount "87"]

1. e4 e5 2. Nf3 Nc6 3. Bb5 a6 4. Ba4 Nf6 5. O-O b5 6. Bb3 Bb7 7. Qe2 Be7 8. c3
d5 9. exd5 Nxd5 10. Nxe5 Nxe5 11. Qxe5 O-O 12. d4 Qd7 13. Qg3 Kh8 14. Bxd5 Qxd5
15. Nd2 Bd6 16. Qf3 Qxf3 17. Nxf3 Bxf3 18. gxf3 Rae8 19. a4 Re6 20. axb5 axb5
21. Ra5 Rb8 22. Be3 Rg6+ 23. Kh1 Rf6 24. Rfa1 h6 25. Ra8 Rxa8 26. Rxa8+ Kh7 27.
Rb8 Rxf3 28. Rxb5 Rh3 29. c4 Rxh2+ 30. Kg1 Rh4 31. c5 Rg4+ 32. Kh1 Rh4+ 33. Kg2
Bh2 34. Rb7 f5 35. f3 f4 36. Bf2 Bg3 37. Bxg3 fxg3 38. d5 Rd4 39. Rxc7 Rxd5 40.
b4 h5 41. Kxg3 h4+ 42. Kh3 Kh6 43. c6 Rd3 44. Rf7 1-0